000 00449nam a2200157 4500
001 108344
003 ES-MaACL
005 20230906184627.0
007 t|
008 061121s1963 sp r ||||1| spa d
100 1 _aMontero, Nemesio.
_982496
245 1 0 _aMedicina preventiva infantil /
_cNemesio Montero.
260 _aMadrid :
_bCultura Clásica y Moderna,
_c1963.
300 _a530 p. :
_bil ;
_c21 cm.
852 _aES-MaACL
_jC-23052
_bR.51807
999 _c108344
_d108344